000 00302nam a2200121Ia 4500
008 190216s9999||||xx |||||||||||||| ||und||
100 _aBhabani Bhattacharya
245 0 _aSteel Hawk And Other Stories
260 _bOrient Paper Back
_c1968
300 _a132p
650 _aEnglish Stories
942 _cBK
999 _c12165
_d12165